Visualizzazione normale
Vista MARC
- Lisi Giuseppe
di Personal Name
Records bibliografici associati: 1
001 - CONTROL NUMBER
- control field: 51053
003 - CONTROL NUMBER IDENTIFIER
- control field: IT-RoPau
005 - DATE AND TIME OF LATEST TRANSACTION
- control field: 20151202154706.0
008 - FIXED-LENGTH DATA ELEMENTS
- fixed length control field: 151202|| aca||aabn | a|a d
040 ## - CATALOGING SOURCE
- Original cataloging agency: IT-RoPau
- Transcribing agency: IT-RoPau
100 ## - HEADING--PERSONAL NAME
- Personal name: Lisi Giuseppe
- Relator term: (soggetto)
- Miscellaneous information: Codice Soggetto SPICS: 6470
670 ## - SOURCE DATA FOUND
- Source citation: Work cat.: (IT-RoPau)107224: Lisi Giuseppe Codice regista SPICS: 6470 51048, TEMPO DI TV - 1954-1993: LA TELEVISIONE RACCONTA (3) TEMPO DI TV - 1954-1993: LA TELEVISIONE RACCONTA (3) (Rif. Codice opera principale : B9472)